| 000 | 00703nam a2200205 4500 | ||
|---|---|---|---|
| 001 | 149059 | ||
| 003 | ES-MaACL | ||
| 005 | 20230906202930.0 | ||
| 007 | t| | ||
| 008 | 070214s1972 sp r ||||1| spa d | ||
| 100 | 1 |
_aSwift, Jonathan. _9108944 |
|
| 245 | 1 | 4 |
_aUna modesta proposición _b: ; Consejos a los criados ; Proyecto para un hospital de incurables / _cJonathan Swift ; traducción de E. Gallo, R. Boero. |
| 260 |
_aMadrid : _bMauricio d'Ors, _c1972. |
||
| 300 |
_a104 p. : _bil. ; _c18 cm. |
||
| 700 | 1 |
_aGallo, E. _953633 |
|
| 700 | 1 |
_aBoero, R. _929755 |
|
| 740 | 0 | _aConsejos a los criados. | |
| 740 | 0 | _aProyecto para un hospital de incurables. | |
| 852 |
_aES-MaACL _jC-52771 _bR.84001 |
||
| 999 |
_c149059 _d149059 |
||